000 01142nam a22003017a 4500
001 03596
003 HDC
007 cr bn ---aaaaa
008 210111t2016 flu||||| |||| 00| 0 eng
020 _a1-56670-563-0
040 _aHDC
100 _aSivakumar, Mannava V.K.
_eauthor
_93164
245 0 _aAgricultural System Models In Field Research And Technology Transfer. Chapter 9 :
_bApplications of Crop Growth Models in the Semiarid Regions / by
_cMannava V.K. Sivakumar and Ariella F. Glinni
260 _a Boca Raton, Florida:
_bCRC Press,
_c2016
300 _a29 pages
336 _atext
_2rdacontent
337 _acomputer
_2rdamedia
338 _aonline resource
_2rdacarrier
500 _aIncludes bibliographical references
650 _aAgricultural System
_93107
650 _aCrop Growth Models
_93165
650 _asemiarid regions
_93166
700 _aGlinni, Ariella F.
_eauthor
_93167
856 _zRequest full-text at [email protected]
942 _2lcc
942 _cCHAP
942 _kEBCH 001628
999 _c932
_d932